International handbook of higher education

Αποθηκεύτηκε σε:
Λεπτομέρειες βιβλιογραφικής εγγραφής
Άλλοι συγγραφείς: Forest, James J. F. (Επιμελητής έκδοσης), Altbach, Philip G. (Επιμελητής έκδοσης)
Μορφή: Βιβλίο
Γλώσσα:English
Δημοσίευση: Dordrecht : Springer, c2006
Σειρά:Springer international handbooks of education ; 18
Θέματα:
Ετικέτες: Προσθήκη ετικέτας
Δεν υπάρχουν, Καταχωρήστε ετικέτα πρώτοι!

MARC

LEADER 00000nam a2200000 i 4500
001 1/82801
008 080416s2006 eng d
020 |a 1-4020-4011-3 
035 |l 10096759 
040 |a GR-MY-UA  |b gre  |e aacr 
041 0 |a eng 
082 0 |a 378 INT  |2 (22) 
245 1 0 |a International handbook of higher education /  |c edited by James J.F. Forest and Philip G. Altbach 
260 |a Dordrecht :   |b Springer,   |c c2006 
300 |a 2 v.;  |c 24 εκ. 
490 1 |a Springer international handbooks of education  |v ; 18 
504 |a Περιλαμβάνει βιβλιογραφίες και ευρετήριο 
505 0 |a Τ.1. Global themes and contemporary challenges.Τ.2. Regions and countries 
650 0 0 |a Education, Higher  |x Handbooks, manuals, etc. 
700 1 |a Forest, James J. F.  |4 edt 
700 1 |a Altbach, Philip G.  |4 edt 
740 0 2 |a Global themes and contemporary challenges 
740 0 2 |a Regions and countries 
852 |a INST  |b RHODES  |e 20080421  |h 378 HAN  |p 005400029251  |q 005400029251  |t BK  |y 0  |z τ.2 
852 |a INST  |b RHODES  |e 20080416  |h 378 HAN  |p 005400029436  |q 005400029436  |t BK  |y 0  |z τ.1 
852 |a INST  |b RHODES  |e 20080421  |h 378 HAN  |p 005400029251  |q 005400029251  |t BK  |v τ.2:  |y 0  |z τ.2 
852 |a INST  |b RHODES  |e 20080416  |h 378 HAN  |p 005400029436  |q 005400029436  |t BK  |v τ.1:  |y 0  |z τ.1 
853 |a INST  |b RHODES  |h 378 HAN 
901 |a BIBL4-2008-1 
909 |a Ρ  |b 151923 
909 |a Ρ  |b 151924 
922 |a 4ΕΛΗ  |b 200803  |c ΕΠΕΑΕΚ2/ΤΕΠΑΕΣ  |d ΕΛΕΥΘΕΡΟΥΔΑΚΗΣ 
970 |a ΜΙΣΣΟΣ  |b ΣΤΑΥΡΟΣ  |z 2008/04/16